000 00770nam a2200253Ia 4500
003 OSt
005 20220918170104.0
006 a|||||r|||| 00| 0
007 ta
008 220917b |||||||| |||| 00| 0 eng d
020 _a8189654748 (hbk)
_c1400
024 _a280,292
037 _bBBS/124, 05/03/2014, Better Book Services
_cTextual
040 _aARTS
_cARTS
_beng
041 _2eng
_aeng
082 _aYv, Q3
100 _aChaubey N P Ed.
_926969
245 0 _aPeoples' struggles and movements for equitable society
260 _aDelhi
_bDaanish Books India
_c2013
300 _axxxviii,628p.
_ccm.
650 _aSOCIOLOGY
942 _hYv, Q3
_cTEXL
_2CC
999 _c132506
_d132506